000 00884nam a2200253Ia 4500
003 OSt
005 20220923211028.0
006 a|||||r|||| 00| 0
007 ta
008 220922b |||||||| |||| 00| 0 hin d
020 _a817067876 (hbk)
_c150
024 _a235,761
037 _b422, 28/02/2008, University Book House
_cTextual
040 _aARTS
_cARTS
_bhin
041 _2hin
_ahin
082 _aO15,2D40x, 152M0;P6
100 _aउपाध्याय, भगवतशरण
_9157319
245 0 _aकालिदास के नाटक
246 _aKālidās ke nāṭaka
260 _aनयी दिल्ली
_b किताबघर
_c2006
300 _a200पृ.
_ccm.
942 _hO15,2D40x, 152M0;P6
_cTEXL
_2CC
999 _c294152
_d294152